书目信息 |
| 题名: |
CCNA基础教程
|
|
| 作者: | Cisco Systems公司 著 ;孙建春 , 袁国忠 译 | |
| 分册: | ||
| 出版信息: | 北京 人民邮电出版社 2003.07 |
|
| 页数: | 398页 | |
| 开本: | 26cm | |
| 丛书名: | ||
| 单 册: | ||
| 中图分类: | TP393 | |
| 科图分类: | ||
| 主题词: | 计算机网络--工种技术人员--资格考核--教材 , 计算机网络 | |
| 电子资源: | ||
| ISBN: | 7-115-11276-2 | |
| 000 | 00897nam0 2200277 45 | |
| 001 | 012004000000 | |
| 005 | 20050107152052.04 | |
| 010 | @a7-115-11276-2@dCNY 45.00 | |
| 100 | @a20040920e2003 em y0chiy0121 ea | |
| 101 | 1 | @achi@ceng |
| 102 | @aCN@b110000 | |
| 105 | @aak z 000yy | |
| 200 | 1 | @aCCNA基础教程@ACCNA ji chu jiao cheng@f(美)Cisco Systems公司著@g孙建春, 袁国忠译 |
| 210 | @a北京@c人民邮电出版社@d2003.07@h2004重印 | |
| 215 | @a398页@c图, 表格@d26cm | |
| 300 | @aCisco职业认证培训系列 | |
| 320 | @a本书含附录 | |
| 510 | 1 | @aCCNA self-study: CCNA Basics(CCNAB)@zeng |
| 606 | 0 | @a计算机网络@x工种技术人员@x资格考核@j教材 |
| 606 | 0 | @a计算机网络 |
| 690 | @aTP393@v4 | |
| 701 | 0 | @aCisco Systems公司@ACisco Systems gong si@4著 |
| 702 | 0 | @a孙建春@Asun jian chun@4译 |
| 702 | 0 | @a袁国忠@Ayuan guo zhong@4译 |
| 801 | 0 | @aCN@bQSSKlw@c20050107 |
| 905 | @a10447@dTP393@eG3641 | |
| CCNA基础教程/(美)Cisco Systems公司著/孙建春, 袁国忠译.-北京:人民邮电出版社,2003.07(2004重印) |
| 398页:图, 表格;26cm |
| Cisco职业认证培训系列 |
| ISBN 7-115-11276-2:CNY 45.00 |
| ● |
| 相关链接 |
|
|
|
正题名:CCNA基础教程
索取号:TP393/G3641
 
预约/预借
| 序号 | 登录号 | 条形码 | 馆藏地/架位号 | 状态 | 备注 |
| 1 | 435244 | 204352440 | 自科二线404/301自科库 108排1列6层/ [索取号:TP393/G3641] | 在馆 | |
| 2 | 435245 | 204352459 | 自科二线404/404自科库 12排1列3层/ [索取号:TP393/G3641] | 在馆 | |
| 3 | 435246 | 204352468 | 自科库301/301自科库 115排1列2层/ [索取号:TP393/G3641] | 在馆 |